000 00526nam a2200169 4500
001 120814
003 ES-MaACL
007 t|
008 070214s1985 sp r ||||1| spa d
020 _a84-500-9957-9
100 1 _aPolo Barrena, Juan.
_992869
245 1 0 _aHermosos juegos en la noche
_b: ( dos actos y un epílogo) /
_cJuan Polo Barrena.
260 _aPalencia :
_bAyuntamiento,
_c1985.
300 _a80 p. ;
_c22 cm.
500 _aPremio Palencia de Teatro (XII edición 1985)
852 _aES-MaACL
_jL-7437
_bR.108212
999 _c120814
_d120814